| 000 -CABECERA |
| Longitud fija campo de control |
00902nam a2200229 a 4500 |
| 001 - NÚMERO DE CONTROL |
| Número de control |
991025176179706706 |
| 003 - IDENTIFICADOR DEL NÚMERO DE CONTROL |
| Identificador del número de control |
OSt |
| 005 - FECHA Y HORA DE LA ÚLTIMA TRANSACCIÓN |
| Fecha y hora de la última transacción |
20241219182131.0 |
| 008 - CÓDIGOS DE INFORMACIÓN DE LONGITUD FIJA |
| Códigos de información de longitud fija |
070502s2006 sp o 000 0 cat c |
| 017 ## - NÚMERO DE COPYRIGHT O DE DEPÓSITO LEGAL |
| Número de copyright o de depósito legal |
B-17980-2006 |
| 020 ## - NÚMERO INTERNACIONAL NORMALIZADO PARA LIBROS |
| Número Internacional Normalizado para Libros (ISBN) |
8461101642 |
| 035 ## - NÚMERO DE CONTROL DEL SISTEMA |
| Número de control del sistema |
(ES-BaCBU).b46577737 |
| 040 ## - FUENTE DE LA CATALOGACIÓN |
| Centro catalogador de origen |
ES-BaCBU |
| Lengua de catalogación |
cat |
| Centro transcriptor |
CDMR |
| 245 03 - MENCIÓN DE TÍTULO |
| Título |
El Pols dels dies |
| Resto del título |
: 125 anys de La Vanguardia / |
| Mención de responsabilidad, etc. |
[textos: Màrius Carol, Carles Salmurri, Xavier Antich ... et al.] |
| 260 ## - PUBLICACIÓN, DISTRIBUCIÓN, ETC. (PIE DE IMPRENTA) |
| Lugar de publicación, distribución, etc. |
Barcelona : |
| Nombre del editor, distribuidor, etc. |
La Vanguardia : |
| -- |
Centre de Cultura Contemporània de Barcelona, |
| Fecha de publicación, distribución, etc. |
DL 2006 |
| 300 ## - DESCRIPCIÓN FÍSICA |
| Extensión |
171 p. : |
| Otras características físicas |
il. ; |
| Dimensiones |
24 cm |
| 500 ## - NOTA GENERAL |
| Nota general |
Catàleg de l'exposició celebrada al Centre de Cultura Contemporània de Barcelona del 20 d'abril al 5 de juny de 2006 |
| 610 20 - PUNTO DE ACCESO ADICIONAL DE MATERIA - NOMBRE DE ENTIDAD CORPORATIVA |
| Nombre de entidad corporativa o nombre de jurisdicción como elemento inicial |
La Vanguardia (Diari) |
| 9 (RLIN) |
1150 |
| Subdivisió,n de materia general |
Història |
| 907 ## - ELEMENTO G DATOS LOCALES, GDL (RLIN) |
| a |
.b46577737 |
| b |
22-01-21 |
| c |
16-12-10 |
| d |
16-12-10 |
| e |
m |
| f |
a |
| g |
- |
| h |
cat |
| i |
sp |
| j |
3 |
| k |
1 |
| 908 ## - CONTROL DE PARÁMETROS (RLIN) |
| Parametro de comando lanzado |
URL |
| 942 ## - ENTRADA DE ELEMENTOS AGREGADOS (KOHA) |
| Fuente de clasificaión o esquema |
|
| Koha [por defecto] tipo de item |
Monografies |